[Event "Madrid Vicalvaro op"]
[Site "Madrid"]
[Date "2022.05.29"]
[Round "4"]
[White "Mata Priego, Jose Maria"]
[Black "Herreros Miravet, Ivan"]
[Result "1-0"]
[WhiteElo "1466"]
[BlackElo "1254"]
[PlyCount "31"]
[EventDate "2022.05.08"]
[EventType "swiss"]
[EventRounds "7"]
[EventCountry "ESP"]
[SourceTitle "EXT 2024"]
[Source "ChessBase"]
[SourceDate "2023.10.10"]
[SourceVersion "1"]
[SourceVersionDate "2023.10.10"]
[SourceQuality "1"]

1. c4 e5 2. g3 Nc6 3. Bg2 Nf6 4. e3 Bc5 5. Ne2 e4 6. Nbc3 Qe7 7. a3 a6 8. Qc2 0-0 9. Nxe4 Nxe4 10. Bxe4 g6 11. b4 Re8 12. Bxc6 dxc6 13. bxc5 Qxc5 14. Bb2 b5 15. Qc3 Qf8 16. Qh8# 1-0

[Event "Madrid Vicalvaro op"]
[Site "Madrid"]
[Date "2022.05.22"]
[Round "3"]
[White "Martinez Batalla, Jorge"]
[Black "Herreros Miravet, Ivan"]
[Result "1/2-1/2"]
[WhiteElo "1471"]
[BlackElo "1254"]
[PlyCount "64"]
[EventDate "2022.05.08"]
[EventType "swiss"]
[EventRounds "7"]
[EventCountry "ESP"]
[SourceTitle "EXT 2024"]
[Source "ChessBase"]
[SourceDate "2023.10.10"]
[SourceVersion "1"]
[SourceVersionDate "2023.10.10"]
[SourceQuality "1"]

1. e4 e5 2. Bc4 Bc5 3. c3 Nc6 4. Qf3 Qf6 5. a4 a5 6. Bd5 Nce7 7. Ba2 d6 8. h3 Nc6 9. d3 Qg6 10. Be3 Bxe3 11. fxe3 Nf6 12. Nd2 0-0 13. Ne2 Be6 14. Bxe6 fxe6 15. Qg3 Qh6 16. Nf1 Rf7 17. Ng1 Raf8 18. Nf3 Nh5 19. Qh4 Rf6 20. Qg5 Qxg5 21. Nxg5 Rg6 22. g4 Rxg5 23. gxh5 Rxh5 24. Ke2 Rg5 25. Rh2 Rf6 26. Nd2 Rfg6 27. Rf1 Rg2+ 28. Rf2 Rxh2 29. Rxh2 Rg1 30. Nf1 Rg6 31. Rf2 Ne7 32. Nh2 Rg3 1/2-1/2